| 000 | 00902nam a2200253K 4500 | ||
|---|---|---|---|
| 001 | 19898 | ||
| 003 | BD-RjUL | ||
| 005 | 20240312103514.0 | ||
| 008 | 140226r19681908enk 00011 eng d | ||
| 020 | _a0460002988 (hardback) | ||
| 020 | _a0460012983 (paperback) | ||
| 035 | _a(BD-RjUL)19898 | ||
| 040 |
_cBOS _aBD-RjUL _beng |
||
| 041 | _aeng | ||
| 082 |
_a823.8 _bTHV 1968 |
||
| 100 | 1 |
_aThackeray, W. M., _d1811-1863. _q(William Makepeace) _961091 |
|
| 245 | 1 | 0 |
_aVanity fair / _c[by] William Makepeace Thackeray; introduction by M. R. Ridley. |
| 260 |
_aLondon ; _aNew York : _bEveryman's, Library; _bDent, _c1908, [Reprinted 1951,1965,1968,1975]. |
||
| 300 |
_axiii, 699 p. ; _c23 cm. |
||
| 490 | 0 |
_aEveryman's library. Fiction. _v298 |
|
| 650 | 0 |
_aSocial classes _vFiction _y History -- 19th century _z Great Britain _961127 |
|
| 830 |
_aEveryman's library. Fiction. _v298 _92269 |
||
| 942 |
_2ddc _cBK |
||
| 999 |
_c19898 _d19898 |
||